| 000 -LEADER |
| fixed length control field |
02882cam a22005535i 4500 |
| 001 - CONTROL NUMBER |
| control field |
21680594 |
| 003 - CONTROL NUMBER IDENTIFIER |
| control field |
NUST |
| 005 - DATE AND TIME OF LATEST TRANSACTION |
| control field |
20220331093650.0 |
| 006 - FIXED-LENGTH DATA ELEMENTS--ADDITIONAL MATERIAL CHARACTERISTICS |
| fixed length control field |
m |o d | |
| 007 - PHYSICAL DESCRIPTION FIXED FIELD--GENERAL INFORMATION |
| fixed length control field |
cr ||||||||||| |
| 008 - FIXED-LENGTH DATA ELEMENTS--GENERAL INFORMATION |
| fixed length control field |
180629s2018 si |||| o |||| 0|eng |
| 010 ## - LIBRARY OF CONGRESS CONTROL NUMBER |
| LC control number |
2019746857 |
| 020 ## - INTERNATIONAL STANDARD BOOK NUMBER |
| International Standard Book Number |
9787547613375 |
| 024 7# - OTHER STANDARD IDENTIFIER |
| Standard number or code |
10.1007/978-981-13-1050-8 |
| Source of number or code |
doi |
| 035 ## - SYSTEM CONTROL NUMBER |
| System control number |
(DE-He213)978-981-13-1050-8 |
| 038 ## - RECORD CONTENT LICENSOR |
| Staff Name |
AZHAR |
| 040 ## - CATALOGING SOURCE |
| Original cataloging agency |
DLC |
| Language of cataloging |
eng |
| Description conventions |
pn |
| -- |
rda |
| Transcribing agency |
DLC |
| 072 #7 - SUBJECT CATEGORY CODE |
| Subject category code |
BUS070010 |
| Source |
bisacsh |
| 072 #7 - SUBJECT CATEGORY CODE |
| Subject category code |
KNA |
| Source |
thema |
| 072 #7 - SUBJECT CATEGORY CODE |
| Subject category code |
TVB |
| Source |
bicssc |
| 072 #7 - SUBJECT CATEGORY CODE |
| Subject category code |
TVB |
| Source |
thema |
| 082 04 - DEWEY DECIMAL CLASSIFICATION NUMBER |
| Classification number |
338.1 |
| Edition number |
23 |
| Author Mark |
YUN 2018 |
| 100 1# - MAIN ENTRY--PERSONAL NAME |
| Personal name |
Zhang, Yunhua. |
| Relator term |
author. |
| 9 (RLIN) |
83149 |
| 245 10 - TITLE STATEMENT |
| Title |
Insights into Chinese Agriculture / |
| Statement of responsibility, etc. |
by Yunhua Zhang. |
| 250 ## - EDITION STATEMENT |
| Edition statement |
1st ed. 2018. |
| 260 ## - PUBLICATION, DISTRIBUTION, ETC. |
| Place of publication, distribution, etc. |
Shanghai |
| Name of publisher, distributor, etc. |
Far East Publishers |
| Date of publication, distribution, etc. |
2018 |
| 264 #1 - PRODUCTION, PUBLICATION, DISTRIBUTION, MANUFACTURE, AND COPYRIGHT NOTICE |
| Date of production, publication, distribution, manufacture, or copyright notice |
2018. |
| 300 ## - PHYSICAL DESCRIPTION |
| Extent |
288p |
| 336 ## - CONTENT TYPE |
| Content type term |
text |
| Content type code |
txt |
| Source |
rdacontent |
| 337 ## - MEDIA TYPE |
| Media type term |
computer |
| Media type code |
c |
| Source |
rdamedia |
| 338 ## - CARRIER TYPE |
| Carrier type term |
online resource |
| Carrier type code |
cr |
| Source |
rdacarrier |
| 347 ## - DIGITAL FILE CHARACTERISTICS |
| File type |
text file |
| Encoding format |
PDF |
| Source |
rda |
| 505 0# - FORMATTED CONTENTS NOTE |
| Formatted contents note |
Chapter 1 Does China Have Enough to Eat -- Chapter 2 The Problem of Food Safety -- Chapter 3 Rural Land System and Rights -- Chapter 4 Can Farming Make Money -- Chapter 5 Who Will Till the Land and How Will They Till It. |
| 520 ## - SUMMARY, ETC. |
| Summary, etc. |
This book uses simple economic theories to explain how China's agricultural economic phenomena exists in reality. It also helps the reader to get a clear understanding of economic phenomena, insight into the "hog cycle" and "food safety," as well as other economic and social phenomena. The language of this book is not only easy to understand, but also uses ancient poetry and humor to make the subject interesting, as it speaks to the history and current situation of Chinese agriculture. It also opens a window for the people to read about agriculture. This is a unique book on agricultural science that fills an important gap in works on agricultural science and agricultural economics. |
| 563 ## - BINDING INFORMATION |
| Binding note |
P.B |
| 588 ## - SOURCE OF DESCRIPTION NOTE |
| Source of description note |
Description based on publisher-supplied MARC data. |
| 650 #0 - SUBJECT ADDED ENTRY--TOPICAL TERM |
| Topical term or geographic name entry element |
Agricultural economics. |
| 9 (RLIN) |
83150 |
| 650 #0 - SUBJECT ADDED ENTRY--TOPICAL TERM |
| Topical term or geographic name entry element |
Agriculture. |
| 9 (RLIN) |
25855 |
| 650 #0 - SUBJECT ADDED ENTRY--TOPICAL TERM |
| Topical term or geographic name entry element |
Welfare economics. |
| 9 (RLIN) |
83151 |
| 650 14 - SUBJECT ADDED ENTRY--TOPICAL TERM |
| Topical term or geographic name entry element |
Agricultural Economics. |
| Authority record control number or standard number |
https://scigraph.springernature.com/ontologies/product-market-codes/W47000 |
| 9 (RLIN) |
83152 |
| 650 24 - SUBJECT ADDED ENTRY--TOPICAL TERM |
| Topical term or geographic name entry element |
Agriculture. |
| Authority record control number or standard number |
https://scigraph.springernature.com/ontologies/product-market-codes/L11006 |
| 9 (RLIN) |
25855 |
| 650 24 - SUBJECT ADDED ENTRY--TOPICAL TERM |
| Topical term or geographic name entry element |
Social Choice/Welfare Economics/Public Choice/Political Economy. |
| Authority record control number or standard number |
https://scigraph.springernature.com/ontologies/product-market-codes/W31020 |
| 9 (RLIN) |
83153 |
| 776 08 - ADDITIONAL PHYSICAL FORM ENTRY |
| Relationship information |
Print version: |
| Title |
Insights into Chinese agriculture. |
| International Standard Book Number |
9789811310492 |
| Record control number |
(DLC) 2018945096 |
| 776 08 - ADDITIONAL PHYSICAL FORM ENTRY |
| Relationship information |
Printed edition: |
| International Standard Book Number |
9789811310492 |
| 776 08 - ADDITIONAL PHYSICAL FORM ENTRY |
| Relationship information |
Printed edition: |
| International Standard Book Number |
9789811310515 |
| 776 08 - ADDITIONAL PHYSICAL FORM ENTRY |
| Relationship information |
Printed edition: |
| International Standard Book Number |
9789811345562 |
| 906 ## - LOCAL DATA ELEMENT F, LDF (RLIN) |
| a |
0 |
| b |
ibc |
| c |
origres |
| d |
u |
| e |
ncip |
| f |
20 |
| g |
y-gencatlg |
| 942 ## - ADDED ENTRY ELEMENTS (KOHA) |
| Source of classification or shelving scheme |
|
| Koha item type |
Book |